000 00960nas a2200313 4500
001 BR2014002064
003 BR-BrBNA
005 20231205123924.0
007 ta
008 230509b bl.|||p| |||| 00| 00por d
040 _aBR-BrBNA
_bpor
_cBiblioteca Nacional de Agricultura
041 _a(Pt)
072 _aH20
100 1 _aOliveira, W.F. de
100 1 _aPimentel, D.M.
100 1 _aAlbernaz, R.S.
100 1 _aMachado, L.A.
100 1 _aBatista, R.G.
100 1 _aRamalho, V.
245 1 _aEfeito de produtos fitossanitários no tratamento de sementes de arrz (Oryza sativa L.)visando ao controle de Pyricularia grisea
650 _aARROZ
650 _aSEMENTE
650 _aFUNGO
650 _aCONTROLE QUÍMICO
650 _aINFECÇÃO
773 0 _tPesquisa Agropecuária Tropical (Brazil)
_xISSN 1517-6398
_g(Jan-Jun 2001), v. 31(1) p. 43-46
_wBR2014002064
909 _a202311
_bLúcia
_c55
_dLúcia Elande
942 _2AGRIS
_n0
_cANA
999 _c236404
_d236404